000 00458nam a2200181Ia 4500
001 10297
005 20260306161821.0
008 260306t2013||||xx |||||||||||||| ||spa||
041 _aESP
082 _a918
_bP54
100 _aPietowski, Andrzej
_eAUT
245 0 _aCanoandes:
_bna podbój kanionu Colca i górskich rzek obu Ameryk
260 _c2013
300 _a173 páginas :
_c23 cm.
650 _aGEN
654 _aCHU
942 _cLIB
_dJUS
_fJUS
_2ddc
_n
999 _c10297
_d10297